000 00490cam a2200145 4500500
005 20260322014232.0
041 _afre
042 _adc
100 1 0 _aHouzet, Dominique
_eauthor
245 0 0 _aGeneral-purpose computing on graphics cards
260 _c2026.
500 _a26
786 0 _nSoftware technologies and System architectures | - | 2026-03-05 | p. 27-27
856 4 1 _uhttps://stm.cairn.info/hardware-architectures--bdti42308210-te5990-page-27?lang=en&redirect-ssocas=7080
999 _c1787461
_d1787461